000
00333nam a2200157Ia 4500
003
OSt
005
20231109073452.0
008
170524s9999 xx 000 0 und d
020
_a
1-84215-088-X
040
_c
IIMT
100
_a
Man- Kathy
245
0
_a
Low fat chinese
260
_b
Southwater
260
_c
1998
942
_2
ddc
_c
02
999
_c
7067
_d
7067